000 01655nam0a2200349 4500
001 RU\NLR\b_ik\110665
005 20260408195419.0
035 _a(NLR Aleph) 002184386
090 _a2826478
_c2826478
100 _a20040414d2003 u y0rusy50 ca
101 0 _aeng
_drus
102 _aRU
105 _aa |||||||||
200 1 _aNew experimental limits on heavy neutrino mixing in 8B decay obtained with the BOREXINO counting test facility
_fBOREXINO collab.: [H.O. Back, M. Balata, A. de Bari et al.]
210 _aДубна
_cОбъед. ин-т ядер. исслед.
_d2003
215 _a10 с.
_cграф.
_d22
225 1 _aОбъединенный институт ядерных исследований, Дубна
_vЕ15-2003-119
300 _aНа 3-й с. обл.: Новые экспериментальные ограничения на параметр смешивания тяжелого нейтрино в распаде 8B, полученные на прототипе детектора BOREXINO / Бэк Х.О. и др.
300 _aРез. на рус. яз
313 _aСолнечные нейтрино
320 _aБиблиогр.: с. 10
606 0 _aСолнечные нейтрино
_xРегистрация
_91692802
_3RU\NLR\AUTH\66752783
606 _aБор (хим.)
_xИзотопы
_xИспускание нейтрино
_3RU\NLR\AUTH\661394751
_92332547
686 4 _aВ652.423с0
686 4 _aВ383.2
701 1 _aBack
_bH. O.
_gH.O.
_4070
701 1 _aBalata
_bM.
_gM.
_4070
701 1 _aBari
_bA. de
_gA. de
_4070
801 0 _aRU
_bNLR
_c20040414
_gPSBO
942 _cBOOK
980 _aNB